| 000 | 00818nam a2200265 a 4500 | ||
|---|---|---|---|
| 001 | 000048188 | ||
| 003 | DO-SdBNP | ||
| 005 | 20220504102052.0 | ||
| 007 | ta | ||
| 008 | 131122s2007 dr r 000 0 spa d | ||
| 040 |
_aDO-SdBNP _bspa _cBNPHU |
||
| 082 |
_aF- _bR426L, |
||
| 110 | 2 |
_aRepública Dominicana. _9447 _bCongreso Nacional |
|
| 240 | 1 | 0 | _a[Ley orgánica] |
| 245 | 1 | 0 | _aLey núm. 13-07 de transición hacia el control jurisdiccional de la actividad administrativa del Estado |
| 260 |
_aSanto Domingo : _bPoder Judicial, _c(2007). |
||
| 300 |
_a10 p. ; _c22 cm. |
||
| 590 | _aInventariado, 2022 / DG | ||
| 650 | 4 |
_aLey 13-07 _zRepublica Dominicana _975637 |
|
| 650 | 4 |
_aRepública dominicana _xDerecho administrativo _974990 |
|
| 650 | _98313 | ||
| 651 | 4 | _930782 | |
| 910 | _aDG | ||
| 942 |
_2ddc _cLF2 |
||
| 999 |
_c51628 _d51628 |
||